00357nam a2200145Ia 4500008004100000041000800041082002100049100002200070245001700092250001100109260003300120300001900153650001700172700002200189260417s2024 xx 000 0 und d aeng a615/YADbDI-1243 aDR.ADHIKRAO YADAV aPHARMACOLOGY a3RD ed aPUNEb2024bNIRALI PRAKASHAN aP.B/A-31-13.4p aPHARMACOLOGY aMRS.ASHWINI DUBAL